000 00684nam a2200217 a 4500
001 16918
003 CO-ViMGA
008 141112s2004 ck r 000 u spa d
020 _a8425420008
040 _aCO-ViMGA
_bspa
_cCO-ViMGA
082 0 4 _a618.833 B474e
100 1 _aBirkmayer, Walther; Danielczyk, Walter
_923963
245 1 0 _aLa enfermedad de Parkinson
260 _aBarcelona (España),
_cHerder,
_c1997
300 _a138.p.
590 _aForma de adquisición : Premio - Mincultura
650 1 4 _aENFERMEDAD DE PARKINSON
_923964
650 1 4 _aENFERMEDAD DE PARKINSON - CIUDADOS Y TRATAMIENTO
_923965
650 1 4 _aSISTEMA NERVIOSO - ENFERMEDADES
_923966
942 _2ddc
_cBK
999 _c26551
_d26551